| 000 | 02712nam a2200325 a 4500 | ||
|---|---|---|---|
| 003 | OSt | ||
| 005 | 20250805125549.0 | ||
| 007 | cr ||||||a|a|a | ||
| 008 | 250626s2025 mx a|||fom||| 001 0 spa d | ||
| 040 | _erda | ||
| 100 | 1 |
_aCruz Maldonado, Miguel _9190523 |
|
| 245 | 1 | 0 |
_aDiseño conceptual de un prototipo de molino para pet destinado a zonas Rurales / _cpor Miguel Cruz Maldonado; director de tesis María Victoria Gómez Águila; secretario Luis Tonatiuh Castellanos Serrano; vocal Hubert Tchikoué; suplente Bonifacio Gaona Ponce; suplente Omar Reséndiz Cantera. |
| 264 | 1 |
_aChapingo, México : _bEl autor, _c2024. |
|
| 300 |
_a1 recurso en línea (75 páginas): _bcuadros, figuras. |
||
| 336 |
_2rdacontent _atexto _btxt |
||
| 337 |
_2rdamedia _acomputadora _bc |
||
| 338 |
_2rdacarrier _arecurso en línea _bcr |
||
| 502 |
_bIMAg _cMecánica _d2024. _gLIC |
||
| 504 | _aIncluye referencias bibliográficas: páginas 51-56. | ||
| 520 | _aEste trabajo presenta el diseño de un molino de bajo costo para la trituración de PET, específicamente diseñado para zonas rurales. La generación de residuos sólidos es un desafío creciente, y aunque muchos desechos pueden ser reciclados, las máquinas utilizadas para este propósito suelen ser de gran tamaño, alto costo y requieren de personal especializado para su operación, instalación y mantenimiento, lo que las hace inadecuadas para pequeñas producciones. Si bien existen alternativas más económicas, estas suelen ser adaptaciones de equipos diseñados para otros materiales, lo que compromete su eficiencia. El molino desarrollado en esta tesis se diseñó utilizando materiales comunes, permitiendo una fabricación sencilla sin herramientas especializadas. Su diseño de pocas piezas facilita su comprensión y operación. La máquina puede conectarse tanto a una red eléctrica doméstica como mediante paneles solares, lo que hace fácil de adaptar a diversas condiciones. El molino es impulsado por un motor de 2 caballos de fuerza, utiliza un reductor de velocidad con una relación de 15:1 y cuenta con un conjunto de 3 cuchillas móviles y 2 cuchillas fijas. | ||
| 650 | 4 |
_aResiduos sólidos _xManejo _9190855 |
|
| 650 | 4 |
_aMolinos _xDiseño y construcción _9190856 |
|
| 700 | 1 |
_aGómez Águila, María Victoria _edirector de tesis. _9185726 |
|
| 700 | 1 |
_aCastellanos Serrano, Luis Tonatiuh _9190723 _esecretario. |
|
| 700 | 1 |
_aTchikoué, Hubert _9190722 _evocal. |
|
| 700 | 1 |
_aGaona Ponce, Bonifacio _945572 _esuplente. |
|
| 700 | 1 |
_aReséndiz Cantera, Omar _esuplente. _996132 |
|
| 856 |
_uhttp://10.13.5.2/tesis/tl/1810528-5_CRUZ_MALDONADO_MIGUEL.pdf _zDESCARGAR PDF |
||
| 942 |
_2Clasificación Universidad Autónoma Chapingo _cTD |
||
| 999 |
_c220699 _d220699 |
||